000 00392nam a2200133Ia 4500
008 220216s9999 xx 000 0 und d
100 _aCooper W
245 0 _aRubbery copolymers from unsaturated ketones
260 _bProceedings of the 3rd Rubber Technology Conference, London, 1954; p150-169
650 _aRubbery copolymers
700 _aBird T B
700 _aCatterall E
942 _cJS
999 _c68355
_d68355